<?xml version="1.0" encoding="UTF-8"?><?xml-stylesheet type="text/xsl" href="static/style.xsl"?><OAI-PMH xmlns="http://www.openarchives.org/OAI/2.0/" xmlns:xsi="http://www.w3.org/2001/XMLSchema-instance" xsi:schemaLocation="http://www.openarchives.org/OAI/2.0/ http://www.openarchives.org/OAI/2.0/OAI-PMH.xsd"><responseDate>2026-06-01T04:35:51Z</responseDate><request verb="GetRecord" identifier="oai:riuma.uma.es:10630/15256" metadataPrefix="marc">https://riuma.uma.es/rest/oai/request</request><GetRecord><record><header><identifier>oai:riuma.uma.es:10630/15256</identifier><datestamp>2026-02-03T10:20:47Z</datestamp><setSpec>com_10630_1685</setSpec><setSpec>col_10630_38055</setSpec></header><metadata><record xmlns="http://www.loc.gov/MARC21/slim" xmlns:dcterms="http://purl.org/dc/terms/" xmlns:doc="http://www.lyncode.com/xoai" xmlns:xsi="http://www.w3.org/2001/XMLSchema-instance" xsi:schemaLocation="http://www.loc.gov/MARC21/slim http://www.loc.gov/standards/marcxml/schema/MARC21slim.xsd">
   <leader>00925njm 22002777a 4500</leader>
   <datafield ind2=" " ind1=" " tag="042">
      <subfield code="a">dc</subfield>
   </datafield>
   <datafield ind2=" " ind1=" " tag="720">
      <subfield code="a">García Humanes, Adrián</subfield>
      <subfield code="e">author</subfield>
   </datafield>
   <datafield ind2=" " ind1=" " tag="260">
      <subfield code="c">2018-02-23</subfield>
   </datafield>
   <datafield ind2=" " ind1=" " tag="520">
      <subfield code="a">Hemos desarrollado una aplicación web capaz de obtener datos y tuits a través de la API de Twitter y posteriormente visualizar información a través de ellos de cara a evitar pérdidas o minimizar riesgos en emergencias. Para esto la aplicación se basa en tomar o bien hasta cinco hashtags o menciones de usuarios, o bien en tomar el nombre de un usuario para sacar estos datos. Una vez hecho esto, podemos ver diversos campos de ellos, como la fecha en que han sido escritos, quién lo escribió, el contenido en sí mismo del tuit, etc. Además, permitimos filtrar la lista de tuits obtenidos o añadir un elemento nuevo a la búsqueda hasta llegar a la ya mencionada cifra de cinco elementos. Junto a ello presentamos un módulo para situar cada tuit en un mapa con su correspondiente localización. Por último, se ha desarrollado un módulo utilizando MongoDB que permita almacenar estos tuits para realizar una posterior consulta de ellos. Adicionalmente a toda la lógica principal de la aplicación en sí misma hemos desarrollado otro módulo que nos permite interpretar las URLs y nombres de usuario de Twitter y establecer un hipervínculo a ellos, así como resaltar de manera visual cada hashtag o mención introducida inicialmente con un color distinto para una rápida identificación.</subfield>
   </datafield>
   <datafield ind1="8" ind2=" " tag="024">
      <subfield code="a">https://hdl.handle.net/10630/15256</subfield>
   </datafield>
   <datafield tag="653" ind2=" " ind1=" ">
      <subfield code="a">Redes sociales en Internet</subfield>
   </datafield>
   <datafield tag="653" ind2=" " ind1=" ">
      <subfield code="a">Grado en Ingeniería del Software - Trabajos Fin de Grado</subfield>
   </datafield>
   <datafield tag="653" ind2=" " ind1=" ">
      <subfield code="a">Informática - Trabajos Fin de Grado</subfield>
   </datafield>
   <datafield ind2="0" ind1="0" tag="245">
      <subfield code="a">Herramienta web sobre twitter para el estudio y análisis del impacto de las emergencias</subfield>
   </datafield>
</record>
</metadata></record></GetRecord></OAI-PMH>